Statistics for Click the Number

Click here to take the quiz!

General Stats

  • This quiz has been taken 121 times
  • The average score is 14 of 20

Answer Stats

HintAnswer% Correct
The Beatles are also known as the Fab...4
96%
How many Dalmatians ?101
92%
The number of maids a-milking8
80%
Donald Trump was which number President45
78%
The number of the Beast666
78%
Number of FULL years Queen Elizabeth II reigned70
78%
What's Jenny's number ?867-5309
78%
Futurama is set in this year3000
77%
911 in the UK999
77%
Beverly Hills ...90210
74%
How many red balloons did Nena have ?99
74%
Steve Austin cost this many dollars6,000,000
71%
How many miles the Proclaimers walked according to their song title500
65%
Number of sectors on a standard dartboard20
60%
The answer to life, the universe, and everything42
58%
A cricket century100
57%
Number of people fed with fish and bread by Jesus5000
55%
The Taking of Pelham....123
51%
How many ways to leave your lover ?50
49%
How many steps according to John Buchan ?39
34%

Score Distribution

Percentile by Number Answered

Percent of People with Each Score

Your Score History

You have not taken this quiz